[Event "RUS-ch Women Blitz 2019"]
[Site "Sochi"]
[Date "2019.10.17"]
[Round "6.7"]
[White "Zhurova, Anna"]
[Black "Chernyak, Viktoria"]
[Result "1/2-1/2"]
[WhiteElo "1987"]
[BlackElo "2284"]
[Annotator "TA"]
[PlyCount "85"]
[EventDate "2019.10.17"]
[EventType "swiss"]
[EventCountry "RUS"]
[SourceTitle "playchess.com"]
[Source "ChessBase"]
[SourceQuality "1"]

{[%evp 17,85,37,30,32,52,53,54,23,64,36,40,0,6,0,18,0,31,-8,0,-1,19,4,41,36,38,29,39,0,12,0,7,8,6,0,0,0,0,0,0,0,55,50,57,52,86,7,18,0,0,0,13,0,0,-27,3,0,0,0,0,0,14,5,16,15,14,0,0,0,0,0]} 1. e4 c6 2. d4 d5 3. exd5 cxd5 4. Bd3 Nc6 5. c3 Qc7 6. h3 Nf6 7. Nf3 g6 8. O-O Bg7 9. Re1 O-O 10. Nbd2 {[%cal Bb1d2,Bd2f1,Bf1e3][%mdl 32] B13: Caro-Kann: Exchange Variation and Panov-Botvinnik Attack} (10. Na3 Bf5 11. Bf1 a6 12. Nc2 Bxc2 13. Qxc2 b5 14. a4 Qb7 15. Qb3 Na5 16. Qb4 Nc6 17. Qc5 bxa4 {1-0 (42) Artemiev,V (2682)-Rozum,I (2606) Sochi 2017}) 10... a6 11. Nf1 b5 12. a3 {White is slightly better.} Na5 $146 ({Predecessor:} 12... Bd7 13. N1d2 Nh5 14. Nb3 Nf4 15. Bxf4 Qxf4 16. Nc5 Bc8 17. Qc1 Qd6 {½-½ (44) Smith,A-Zabasajja,W (2210) Dubai 1986}) 13. Ne5 Nc4 14. Bxc4 dxc4 15. Bf4 Qb6 16. Ne3 Bb7 17. N5g4 Rad8 18. Nxf6+ Qxf6 19. Be5 Qg5 20. Bxg7 Kxg7 21. Qg4 Qxg4 22. Nxg4 (22. hxg4 {is more complex.} e6 23. a4 Rb8 24. axb5 axb5 25. Nc2) 22... e6 23. Re5 Rd5 24. Rxd5 Bxd5 $11 {[%mdl 4096] Endgame KRB-KRN} 25. Re1 Rb8 26. Ne3 Bc6 27. Nc2 a5 28. Re5 Kf8 ({Better is} 28... Bd5 $11) 29. Rc5 $14 Rb6 30. Ne3 Ke7 31. Ng4 (31. a4 $16) 31... f6 $11 32. f3 h5 33. Nf2 g5 34. h4 gxh4 35. Rxh5 Bd5 36. Rxh4 {The position is equal.} b4 37. axb4 axb4 38. Ne4 {Hoping for Rh7+.} bxc3 {[#] ...c2 is the strong threat.} 39. bxc3 {next Rh7+ is good for White.} Rb1+ 40. Kf2 {Strongly threatening Rh7+.} Rb2+ 41. Ke3 Bxe4 42. fxe4 Rxg2 43. e5 {Accuracy: White = 61%, Black = 37%.} 1/2-1/2

[Event "RUS-ch Women Blitz 2019"]
[Site "Sochi"]
[Date "2019.10.17"]
[Round "6.8"]
[White "Murashova, Ekaterina"]
[Black "Goltseva, Ekaterina"]
[Result "0-1"]
[WhiteElo "2248"]
[BlackElo "2317"]
[Annotator "TA"]
[PlyCount "80"]
[EventDate "2019.10.17"]
[EventType "swiss"]
[EventCountry "RUS"]
[SourceTitle "playchess.com"]
[Source "ChessBase"]
[SourceQuality "1"]

{[%evp 17,79,0,4,0,7,-4,-1,0,6,3,0,11,11,0,0,0,33,0,0,0,0,0,0,-55,-63,-53,-44,-151,-63,-71,-80,-95,-66,-72,-63,-64,10,8,0,12,10,68,77,0,0,-33,0,0,0,-231,-230,-241,-241,-29972,-29973,-29973,-29974,-29974,-29975,-29974,-29975,-29986,-29987,-29999]} 1. e4 e5 2. Nf3 Nc6 3. Nc3 Nf6 4. d4 exd4 5. Nxd4 Bb4 6. Nxc6 bxc6 7. Bd3 d5 8. exd5 cxd5 9. O-O O-O 10. h3 {C47: Scotch Four Knights and Four Knights with 4 g3} (10. Bg5 c6 11. Qf3 Bd6 12. Rae1 Rb8 13. Nd1 h6 14. Bxf6 Qxf6 15. Qxf6 gxf6 16. b3 f5 17. Ne3 f4 18. Nf5 Bxf5 19. Bxf5 Kg7 20. g3 Kf6 21. Bd3 {½-½ (30) Movsesian,S (2654)-Ding,L (2811) Khanty-Mansiysk 2019}) 10... c6 11. Qf3 Bd6 12. Bf4 {The position is equal.} Rb8 13. b3 Bxf4 14. Qxf4 Be6 15. Ne2 c5 16. Rad1 $146 ({Predecessor:} 16. c3 a5 17. Rad1 Re8 {½-½ (49) Blagojevic,T (2232)-Olsarova,K (2303) Aracaju 2018}) 16... Rb4 17. Qe5 Re8 {[#] Strongly threatening ...Bg4.} 18. Qc3 Qe7 {...c4 is the strong threat.} 19. a3 Rh4 {And now ...c4 would win.} 20. Rfe1 (20. Ng3 $11) 20... c4 $1 $15 {[%cal Rc4d3]} 21. bxc4 dxc4 22. Nd4 ({White must play} 22. Bf5 $1 $15 Bxf5 23. Ng3) 22... Rxd4 ({Black should play} 22... cxd3 $17 23. Nf5 Bxf5 24. Rxe7 Rxe7 25. cxd3 Bd7) 23. Qxd4 cxd3 24. Rxd3 Rc8 25. Rc3 Rd8 26. Qc5 Qd7 (26... Kf8 $15) 27. Rd3 $11 Qe8 28. Rxd8 Qxd8 29. Qxa7 h6 30. Rb1 (30. a4 $16) 30... Qd2 31. Qa4 Bd5 {[%mdl 1024] aiming for ...Qg5! Black has compensation.} 32. c4 Be4 33. Rd1 $2 {[#]} (33. Rf1 $11 {and White is okay.}) 33... Qg5 $1 $19 {[%csl Ge4][%cal Rg5g2][%mdl 512]} 34. g3 Qf5 $40 {[%mdl 128] Black attacks with force.} 35. Qb3 $2 (35. Rd4 $19) 35... Qxh3 {[%csl Ge4][%cal Rh3h1] Black mates.} 36. f3 Qxg3+ 37. Kf1 Bxf3 38. Rd8+ Kh7 39. Qd3+ Ne4 {[%csl Ge4][%cal Rg3f2]} 40. Re8 Qf2# {Accuracy: White = 41%, Black = 55%.} 0-1

[Event "RUS-ch Women Blitz 2019"]
[Site "Sochi"]
[Date "2019.10.20"]
[Round "6.8"]
[White "Usacheva, Glafira"]
[Black "Ponomarenko, Valeria"]
[Result "1-0"]
[WhiteElo "1796"]
[BlackElo "1344"]
[Annotator "NA"]
[PlyCount "117"]
[EventDate "2019.10.17"]
[EventType "swiss"]
[EventCountry "RUS"]
[SourceTitle "playchess.com"]
[Source "ChessBase"]
[SourceQuality "1"]
[TimeControl "180+2"]

1. d4 c5 2. d5 e6 3. c4 exd5 4. cxd5 d6 5. Nc3 Nf6 6. e4 a6 7. a4 g6 8. f4 Bg7 9. Nf3 Bg4 10. Be2 O-O 11. O-O {[%emt 0:00:13]} Re8 {[%emt 0:00:18]} 12. h3 {[%emt 0:00:00]} Bxf3 {[%emt 0:00:05]} 13. Bxf3 {[%emt 0:00:01]} Nbd7 {[%emt 0:00:10]} 14. Be3 {[%emt 0:00:17]} Qc7 {[%emt 0:00:17]} 15. Bf2 {[%emt 0:00:03]} c4 {[%emt 0:00:03]} 16. g4 {[%emt 0:00:28]} Nc5 {[%emt 0:00:03]} 17. Re1 {[%emt 0:00:01]} Re7 {[%emt 0:00:28]} 18. g5 {[%emt 0:00:30]} Nfd7 {[%emt 0:00:08]} 19. Bxc5 {[%emt 0:00:19]} Nxc5 {[%emt 0:00:05]} 20. Kg2 {[%emt 0:00:03]} Nd3 {[%emt 0:00:03]} 21. Rf1 {[%emt 0:00:04]} Nxf4+ {[%emt 0:00:06]} 22. Kh2 {[%emt 0:00:01]} Nd3 {[%emt 0:00:06]} 23. Qc2 {[%emt 0:00:08]} Qb6 {[%emt 0:00:13]} 24. Rab1 {[%emt 0:00:07]} Qb3 {[%emt 0:00:15]} 25. Qxb3 {[%emt 0:00:09]} cxb3 {[%emt 0:00:01]} 26. Rfd1 {[%emt 0:00:01]} Nc5 {[%emt 0:00:18]} 27. Re1 {[%emt 0:00:25]} Nd3 {[%emt 0:00:03]} 28. Red1 {[%emt 0:00:02]} Nxb2 {[%emt 0:00:06]} 29. Rxb2 {[%emt 0:00:01]} Bxc3 {[%emt 0:00:01]} 30. Rxb3 {[%emt 0:00:01]} Be5+ {[%emt 0:00:02]} 31. Kg2 {[%emt 0:00:00]} Rc8 {[%emt 0:00:06]} 32. Rd2 {[%emt 0:00:11]} Bf4 {[%emt 0:00:02]} 33. Rdb2 {[%emt 0:00:01]} Bxg5 {[%emt 0:00:10]} 34. Rxb7 {[%emt 0:00:01]} Rxb7 {[%emt 0:00:03]} 35. Rxb7 {[%emt 0:00:01]} Rc4 {[%emt 0:00:05]} 36. a5 {[%emt 0:00:24]} Ra4 {[%emt 0:00:23]} 37. Rb6 {[%emt 0:00:01]} Rxa5 {[%emt 0:00:01]} 38. Rxd6 {[%emt 0:00:04]} Bf4 {[%emt 0:00:04]} 39. Rd8+ {[%emt 0:00:01]} Kg7 {[%emt 0:00:00]} 40. d6 {[%emt 0:00:12]} Ra2+ {[%emt 0:00:03]} 41. Kf1 {[%emt 0:00:00]} Rd2 {[%emt 0:00:02]} 42. d7 {[%emt 0:00:05]} a5 {[%emt 0:00:05]} 43. Bg4 {[%emt 0:00:02]} Bg5 {[%emt 0:00:06]} 44. Ra8 {[%emt 0:00:02]} Rd4 {[%emt 0:00:08]} 45. Rxa5 {[%emt 0:00:05]} Rxe4 {[%emt 0:00:00]} 46. Rxg5 {[%emt 0:00:01]} Rf4+ {[%emt 0:00:04]} 47. Ke2 {[%emt 0:00:04]} Rd4 {[%emt 0:00:01]} 48. Re5 {[%emt 0:00:03]} Kf6 {[%emt 0:00:03]} 49. Re8 {[%emt 0:00:04]} h5 {[%emt 0:00:02]} 50. d8=Q+ {[%emt 0:00:04]} Rxd8 {[%emt 0:00:01]} 51. Rxd8 {[%emt 0:00:01]} hxg4 {[%emt 0:00:01]} 52. hxg4 {[%emt 0:00:01]} Kg5 {[%emt 0:00:00]} 53. Kf3 {[%emt 0:00:00]} Kf6 {[%emt 0:00:07]} 54. Kf4 {[%emt 0:00:03]} Kg7 {[%emt 0:00:01]} 55. g5 {[%emt 0:00:02]} Kh7 {[%emt 0:00:02]} 56. Rd7 {[%emt 0:00:02]} Kg7 {[%emt 0:00:00]} 57. Rc7 {[%emt 0:00:01]} Kf8 {[%emt 0:00:02]} 58. Ke5 {[%emt 0:00:01]} Kg7 {[%emt 0:00:00]} 59. Rb7 {[%emt 0:00:02]} 1-0

[Event "RUS-ch Women Blitz 2019"]
[Site "Sochi"]
[Date "2019.10.17"]
[Round "6.9"]
[White "Styazhkina, Anna"]
[Black "Dumcheva, Julia"]
[Result "1-0"]
[WhiteElo "2280"]
[BlackElo "2168"]
[Annotator "RC"]
[PlyCount "53"]
[EventDate "2019.10.17"]
[EventType "swiss"]
[EventCountry "RUS"]
[SourceTitle "playchess.com"]
[Source "ChessBase"]
[SourceQuality "1"]
[TimeControl "180+2"]

1. e4 {[%emt 0:00:00]} c6 {[%emt 0:00:08]} 2. d4 {[%emt 0:00:05]} d5 {[%emt 0:00:02]} 3. e5 {[%emt 0:00:19]} Bf5 {[%emt 0:00:04]} 4. h4 {[%emt 0:00:02]} h6 {[%emt 0:00:02]} 5. g4 {[%emt 0:00:16]} Bd7 {[%emt 0:00:01]} 6. Be3 {[%emt 0:00:19]} e6 {[%emt 0:00:04]} 7. f4 {[%emt 0:00:07]} Qb6 {[%emt 0:00:11]} 8. b3 {[%emt 0:00:04]} c5 {[%emt 0:00:04]} 9. c3 {[%emt 0:00:06]} cxd4 {[%emt 0:00:07]} 10. cxd4 {[%emt 0:00:01]} Bb4+ {[%emt 0:00:07]} 11. Kf2 {[%emt 0:00:01]} f6 {[%emt 0:00:21]} 12. Bd3 {[%emt 0:00:11]} fxe5 {[%emt 0:00:05]} 13. Bg6+ {[%emt 0:00:10]} Kd8 {[%emt 0:00:02]} 14. fxe5 Ne7 15. Bd3 {[%emt 0:00:15]} Nbc6 {[%emt 0:00:04]} 16. Nf3 {[%emt 0:00:05]} Rf8 {[%emt 0:00:01]} 17. Kg2 {[%emt 0:00:07]} Nc8 {[%emt 0:00:16]} 18. a3 {[%emt 0:00:06]} Be7 {[%emt 0:00:01]} 19. Nc3 {[%emt 0:00:04]} Rxf3 {[%emt 0:00:13]} 20. Qxf3 {[%emt 0:00:03]} Qxb3 {[%emt 0:00:03]} 21. Rhc1 {[%emt 0:00:12]} Qb2+ {[%emt 0:00:27]} 22. Qf2 {[%emt 0:00:05]} Qb6 {[%emt 0:00:06]} 23. Rab1 {[%emt 0:00:03]} Qa5 {[%emt 0:00:03]} 24. Qf7 {[%emt 0:00:20]} b6 {[%emt 0:00:20]} 25. Nb5 {[%emt 0:00:04]} a6 {[%emt 0:00:06]} 26. Qg8+ {[%emt 0:00:14]} Be8 {[%emt 0:00:01]} 27. Bg6 {[%emt 0:00:03]} 1-0

[Event "RUS-ch Women Blitz 2019"]
[Site "Sochi"]
[Date "2019.10.17"]
[Round "6.10"]
[White "Charochkina, Daria"]
[Black "Bykova, Anastasia"]
[Result "1-0"]
[WhiteElo "2355"]
[BlackElo "2247"]
[Annotator "TA"]
[PlyCount "121"]
[EventDate "2019.10.17"]
[EventType "swiss"]
[EventCountry "RUS"]
[SourceTitle "playchess.com"]
[Source "ChessBase"]
[SourceQuality "1"]

{[%evp 17,121,5,0,5,12,16,20,4,47,52,56,54,57,58,64,18,87,45,74,28,76,85,216,224,418,126,585,172,217,175,171,171,158,165,241,206,288,81,435,107,187,63,114,101,73,85,81,83,79,75,154,141,144,140,139,139,147,147,152,156,164,139,173,0,164,164,230,206,214,183,202,176,287,297,395,364,339,250,298,0,341,0,362,0,330,0,305,188,311,300,308,311,318,311,287,0,227,0,286,262,676,668,5714,5750,29996,320]} 1. b3 d5 2. Bb2 c6 3. g3 Nf6 4. Bg2 Bf5 5. Nf3 e6 6. O-O Nbd7 7. d3 h6 8. e3 Be7 9. Qe2 O-O 10. Nbd2 {A07: Réti Opening: New York and Capablanca Systems} Bh7 11. e4 a5 12. a3 {The position is equal.} Re8 13. e5 $146 ({Predecessor:} 13. Rfe1 dxe4 14. Nxe4 Nxe4 15. dxe4 Qc7 16. Rad1 Rad8 17. a4 Bf6 18. Bxf6 Nxf6 19. Nd2 Rd7 20. Nc4 Red8 {½-½ (20) Eperjesi,L (2350)-Kahn,E (2400) Budapest 1995}) 13... Nh5 $1 14. Nd4 g6 15. f4 $36 {[%mdl 2048] White has some pressure.} Ng7 16. g4 Bc5 (16... f6 $11 {remains equal.}) 17. Kh1 g5 18. Qf3 Rf8 19. Qh3 gxf4 (19... Bxd4 $16 20. Bxd4 h5) 20. Qxh6 $18 Nxe5 $2 (20... f6 {was called for.} 21. Qxg7+ {[%mdl 64] Remove Defender, Decoy} (21. Rxf4 Bxd4 22. Bxd4 fxe5 $16) 21... Kxg7 22. Nxe6+ {[%mdl 64] Double Attack} Kg6) 21. Rxf4 $2 (21. N4f3 $18 f6 22. Bxe5 (22. Qxf4 Ng6 $14)) 21... Be7 $2 {[%mdl 8192]} (21... f6 $16) 22. Nxc6 $2 (22. N4f3 Qe8 23. Bxe5) 22... bxc6 23. Bxe5 {[%csl Ge5][%cal Rh6g7]} f6 24. Bb2 {Threatens to win with g5!} e5 25. Rf3 Ne6 (25... Qe8 {keeps fighting.} 26. Re1 (26. Rh3 Qg6 $16) 26... Qg6 27. Qxg6 Bxg6) 26. Raf1 (26. Rh3 Rf7 $16) 26... Rf7 {[#]} 27. Qe3 $2 (27. Bxe5 $1 $18 {[%mdl 512] and the rest is easy.} Qf8 (27... fxe5 28. Rxf7) 28. Qxf8+ (28. Rxf6 Bxf6 29. Rxf6 Rxf6 $16) 28... Raxf8 29. Bb2) 27... Rc8 $2 {[%mdl 8192] [#]} (27... Bc5 $16 {is more resistant.} 28. Qh6 Nf4) 28. Rh3 $2 (28. Bxe5 $1 $18 {[%mdl 512] is the precise move to win.} d4 (28... fxe5 29. Rxf7) 29. Qf2) 28... Ng5 (28... Rg7 $16 {might work better.}) 29. Rh6 (29. Rg3 $18) 29... Bf8 (29... Qf8 $14 30. Rh5 Re8) 30. Rh5 Bg6 31. Rxg5 fxg5 {[#]} 32. Rxf7 $1 ({But not} 32. Qxe5 Bg7 $17) ({Much worse is} 32. Bxe5 $6 Rxf1+ 33. Bxf1 Qe7 $11) 32... Kxf7 33. Nf3 Bg7 (33... Qe7 $142) 34. Nxe5+ $16 Kg8 35. Nxg6 Bxb2 36. Ne7+ Kf7 37. Nxc8 Qxc8 38. Qxg5 Bxa3 39. Qf4+ Kg8 40. Qg5+ Kf7 $1 41. Qh5+ Kg8 (41... Ke7 $142 42. Qh4+ Ke8 43. Qh8+ Kd7 44. Qxc8+ Kxc8) 42. Qg6+ Kf8 43. Qf6+ Kg8 44. Bf3 {Kg2 is the strong threat.} Qe8 (44... Qf8 {was worth a try.} 45. Qg6+ Kh8) 45. Kg2 $18 Bc5 46. Qg5+ Kh8 47. Qh6+ Kg8 48. Qg5+ Kh8 49. Qf6+ Kg8 50. Qg5+ Kh8 51. Qh6+ Kg8 52. Qf6 Bf8 (52... Qe3 {was necessary.} 53. g5 Bd4 54. Qd8+ Kg7 55. Qd7+ Kg6 56. Qxc6+ Kxg5 57. Qxd5+ {[%mdl 64] Double Attack} Qe5 58. Qd8+ Kf4) 53. h4 Bg7 54. Qf5 Qe1 55. Qc8+ Kh7 56. Qf5+ Kg8 $1 57. Qc8+ Kh7 58. Qxc6 Qd2+ $2 (58... Qxh4 59. Qxd5 Bf6 60. Qf7+ Kh6 61. Qf8+ Kg5) 59. Kh3 Qe1 {Now ...Be5 and Black clings on.} 60. Qxd5 {Threatening mate with Qf5+.} Kh8 61. Be4 $2 {Accuracy: White = 39%, Black = 28%.} (61. Qh5+ {mates} Bh6 62. Qxh6+ Kg8 63. Bd5+ Qe6 64. Bxe6#) 1-0

[Event "RUS-ch Women Blitz 2019"]
[Site "Sochi"]
[Date "2019.10.17"]
[Round "6.11"]
[White "Larina, Maria"]
[Black "Shafigullina, Zarina"]
[Result "1/2-1/2"]
[WhiteElo "1948"]
[BlackElo "2295"]
[Annotator "TA"]
[PlyCount "113"]
[EventDate "2019.10.17"]
[EventType "swiss"]
[EventCountry "RUS"]
[SourceTitle "playchess.com"]
[Source "ChessBase"]
[SourceQuality "1"]

{[%evp 12,113,58,56,60,62,56,46,48,15,16,25,51,33,41,-87,-83,-145,-123,-118,-81,-126,-94,-85,0,-27,-37,-42,-8,-17,-10,-10,254,33,41,-12,-31,-13,32,0,47,6,0,0,75,75,75,77,96,96,96,96,92,89,125,179,176,125,182,125,181,181,174,154,154,154,178,158,340,277,147,147,806,801,903,744,1045,1045,986,580,4765,3632,2250,334,2393,2107,2000,1813,984,6,6,6,6,6,6,1,6,6,6,1,1,0,0,0]} 1. e4 c5 2. Nc3 Nc6 3. Nf3 d6 4. d4 cxd4 5. Nxd4 Nf6 6. Bg5 Qb6 7. Nb3 Be6 {B60: Sicilian: Richter-Rauzer: Unusual Black 6th moves and 6...Bd7 without 7 Qd2} (7... e6 8. Bxf6 gxf6 9. Qd2 Bd7 10. Be2 h5 11. f4 a6 12. O-O-O O-O-O 13. Rhf1 Kb8 14. Rf3 Be7 15. Kb1 h4 16. a3 Rc8 17. Qe1 {1-0 (43) Sjugirov,S (2673)-Alekseenko,K (2588) Moscow 2017}) 8. Be3 Qd8 9. f3 g6 {White is slightly better.} 10. g4 $146 ({Predecessor:} 10. Qd2 Bg7 11. Bh6 O-O 12. O-O-O Na5 13. h4 Rc8 14. Bxg7 Kxg7 15. h5 {0-1 (40) Duppel,T (2242)-Heinatz,G (2236) Germany 2005}) 10... Bg7 11. Qd2 a6 12. h4 h5 13. O-O-O (13. g5 $14 {keeps the upper hand.} Nd7 14. O-O-O) 13... hxg4 $17 14. fxg4 (14. f4 $142) 14... Nxg4 15. Bg5 Nge5 16. Be2 Rc8 17. h5 f6 (17... gxh5 $17 {Hoping for ...Ng4.} 18. Nd5 Ng4) 18. Bf4 (18. h6 $5 {[%cal Rh6g7]} Bf8 19. Bf4 $15) 18... g5 19. Bg3 Bh6 20. Kb1 Kf7 21. Nd5 Bxd5 $2 {[%mdl 8192]} (21... g4 $11 {and Black has nothing to worry.} 22. Qc3 Rg8) 22. Qxd5+ $2 ({Only move:} 22. exd5 $18 Na7 23. Rhf1) 22... e6 $14 23. Qxd6 ({White should try} 23. Qd2 $1 $14) 23... Qxd6 $11 24. Rxd6 Ke7 25. Rhd1 {Strongly threatening Nc5.} (25. Bxe5 {keeps more tension.} fxe5 26. Rd2 g4 27. Rd3 Rhg8 28. Rg3) 25... Rhd8 26. Rxd8 Rxd8 27. Rxd8 Nxd8 (27... Kxd8 $11 {remains equal.} 28. Nc5 Ke7) 28. Bxe5 $1 $16 fxe5 $14 {[%mdl 4096] Endgame KBN-KBN} 29. Nc5 Kd6 30. Nd3 Bf8 31. Nf2 Nf7 32. Ng4 Nh6 33. Nxh6 Bxh6 $16 {KB-KB} 34. c3 ({Better is} 34. b4 $18) 34... Kc5 {[#]} (34... a5 $16 35. Kc2 g4) 35. Kc2 (35. b4+ $1 $18 Kd6 36. Kc2) 35... Kd6 (35... a5 $16 36. Kb3 Bf8) 36. Bg4 $18 Bf8 37. Kd3 Bh6 38. Kc4 Bf8 39. b4 b5+ $2 (39... b6 $16 {might work better.} 40. Kd3 Bh6) 40. Kd3 Bh6 ({Black should play} 40... Kc6 $18 41. Bxe6 Bh6) 41. c4 $16 bxc4+ $2 {[%mdl 8192]} (41... Bg7 $16 42. c5+ Ke7) 42. Kxc4 $18 Kc6 43. a4 {[%cal Ba2a4,Ba4b5][%mdl 32]} Bf8 44. b5+ axb5+ 45. axb5+ Kb6 46. Bxe6 Bg7 47. Bd7 $2 (47. Bg4 Bh6 48. Kd5) 47... Bf8 $2 (47... Kc7 48. Bf5 Kd6) 48. Kd5 Bg7 49. Ke6 g4 {[#]} 50. h6 $2 (50. Kf7 $1 $18 {[%cal Rf7g7]} g3 51. Bh3) 50... Bxh6 $11 {Threatens to win with ...g3.The position is equal.} 51. Kxe5 g3 {( -> ...g2)} 52. Bh3 Kxb5 53. Bg2 Kc5 54. Kf5 Kd6 55. e5+ Ke7 56. e6 Be3 57. Ke4 {Accuracy: White = 45%, Black = 26%.} 1/2-1/2

[Event "RUS-ch Women Blitz 2019"]
[Site "Sochi"]
[Date "2019.10.17"]
[Round "6.12"]
[White "Bodnaruk, Anastasia"]
[Black "Yakimova, Mariya"]
[Result "1-0"]
[WhiteElo "2419"]
[BlackElo "2276"]
[Annotator "RC"]
[PlyCount "59"]
[EventDate "2019.10.17"]
[EventType "swiss"]
[EventCountry "RUS"]
[SourceTitle "playchess.com"]
[Source "ChessBase"]
[SourceQuality "1"]
[TimeControl "180+2"]

1. e4 {[%emt 0:00:00]} c5 {[%emt 0:00:00]} 2. Nf3 {[%emt 0:00:00]} Nc6 {[%emt 0:00:00]} 3. d4 {[%emt 0:00:00]} cxd4 {[%emt 0:00:00]} 4. Nxd4 {[%emt 0:00:01]} Nf6 {[%emt 0:00:01]} 5. Nc3 {[%emt 0:00:01]} e5 {[%emt 0:00:02]} 6. Ndb5 {[%emt 0:00:01]} d6 {[%emt 0:00:00]} 7. Bg5 {[%emt 0:00:01]} a6 {[%emt 0:00:02]} 8. Na3 {[%emt 0:00:01]} b5 {[%emt 0:00:01]} 9. Nd5 {[%emt 0:00:01]} Be7 {[%emt 0:00:01]} 10. Bxf6 {[%emt 0:00:01]} Bxf6 {[%emt 0:00:00]} 11. c4 {[%emt 0:00:03]} b4 {[%emt 0:00:01]} 12. Nc2 {[%emt 0:00:01]} a5 {[%emt 0:00:01]} 13. Be2 {[%emt 0:00:08]} O-O {[%emt 0:00:03]} 14. O-O {[%emt 0:00:01]} Bg5 {[%emt 0:00:08]} 15. Qd3 {[%emt 0:00:02]} Kh8 {[%emt 0:00:09]} 16. Bf3 {[%emt 0:00:23]} Be6 {[%emt 0:00:05]} 17. Rad1 {[%emt 0:00:03]} Rb8 {[%emt 0:00:14]} 18. g3 {[%emt 0:00:14]} g6 {[%emt 0:00:05]} 19. Bg2 {[%emt 0:00:03]} Bh6 {[%emt 0:00:06]} 20. f4 {[%emt 0:00:03]} Bg4 {[%emt 0:00:12]} 21. Rd2 {[%emt 0:00:15]} f5 {[%emt 0:00:05]} 22. Nde3 {[%emt 0:00:09]} exf4 {[%emt 0:00:15]} 23. gxf4 {[%emt 0:00:08]} Qb6 {[%emt 0:00:07]} 24. Kh1 {[%emt 0:00:08]} fxe4 {[%emt 0:00:12]} 25. Qxe4 {[%emt 0:00:16]} Bd7 {[%emt 0:00:27]} 26. Rxd6 {[%emt 0:00:03]} Rbe8 {[%emt 0:00:01]} 27. Qd5 {[%emt 0:00:34]} Bxf4 {[%emt 0:00:20]} 28. Rxd7 {[%emt 0:00:16]} Bxe3 {[%emt 0:00:07]} 29. Rff7 {[%emt 0:00:26]} Ne7 {[%emt 0:00:33]} 30. Qe5+ {[%emt 0:00:02]} 1-0

[Event "RUS-ch Women Blitz 2019"]
[Site "Sochi"]
[Date "2019.10.17"]
[Round "7.1"]
[White "Semenova, Elena"]
[Black "Kovanova, Baira"]
[Result "1/2-1/2"]
[WhiteElo "2282"]
[BlackElo "2344"]
[Annotator "RC"]
[PlyCount "38"]
[EventDate "2019.10.17"]
[EventType "swiss"]
[EventCountry "RUS"]
[SourceTitle "playchess.com"]
[Source "ChessBase"]
[SourceQuality "1"]
[TimeControl "180+2"]

1. e4 {[%emt 0:00:00]} e5 {[%emt 0:00:00]} 2. Nf3 {[%emt 0:00:01]} Nc6 3. d4 exd4 {[%emt 0:00:01]} 4. Nxd4 {[%emt 0:00:01]} Nf6 {[%emt 0:00:08]} 5. Nxc6 {[%emt 0:00:13]} bxc6 {[%emt 0:00:01]} 6. e5 {[%emt 0:00:03]} Qe7 {[%emt 0:00:02]} 7. Qe2 {[%emt 0:00:01]} Nd5 {[%emt 0:00:01]} 8. c4 {[%emt 0:00:00]} Ba6 {[%emt 0:00:06]} 9. b3 {[%emt 0:00:15]} g6 {[%emt 0:00:05]} 10. Bb2 {[%emt 0:00:04]} Bg7 {[%emt 0:00:01]} 11. Nd2 {[%emt 0:00:11]} O-O {[%emt 0:00:20]} 12. O-O-O {[%emt 0:00:03]} d6 {[%emt 0:00:18]} 13. Qf3 {[%emt 0:00:42]} Nb6 {[%emt 0:00:17]} 14. exd6 {[%emt 0:00:09]} Bxb2+ {[%emt 0:00:21]} 15. Kxb2 {[%emt 0:00:01]} cxd6 {[%emt 0:00:02]} 16. Qc3 {[%emt 0:00:21]} Rab8 {[%emt 0:00:04]} 17. Ka1 {[%emt 0:00:13]} d5 {[%emt 0:00:04]} 18. c5 {[%emt 0:00:27]} Bxf1 {[%emt 0:00:10]} 19. Rhxf1 {[%emt 0:00:23]} Nd7 1/2-1/2

[Event "RUS-ch Women Blitz 2019"]
[Site "Sochi"]
[Date "2019.10.17"]
[Round "7.2"]
[White "Tomilova, Elena"]
[Black "Voit, Daria"]
[Result "1/2-1/2"]
[WhiteElo "2345"]
[BlackElo "2336"]
[Annotator "TA"]
[PlyCount "19"]
[EventDate "2019.10.17"]
[EventType "swiss"]
[EventCountry "RUS"]
[SourceTitle "playchess.com"]
[Source "ChessBase"]
[SourceQuality "1"]

{[%evp 11,19,14,2,25,17,10,33,15,30,27]} 1. c4 e5 2. g3 Nf6 3. Bg2 d5 4. cxd5 Nxd5 5. Nf3 Nc6 6. O-O Nb6 7. b3 {A20: English Opening: 1...e5} Be6 (7... Bd6 8. Bb2 O-O 9. d3 Qe7 10. Nbd2 Ba3 11. Bxa3 Qxa3 12. Qc1 Qe7 13. Qb2 Bg4 14. Rac1 Rad8 15. Rfe1 Rfe8 16. a3 a5 17. b4 axb4 18. axb4 {1-0 (31) Ding,L (2811)-Movsesian,S (2654) Khanty-Mansiysk 2019}) 8. Bb2 f6 $1 9. Qc1 Bd6 $146 ({Predecessor:} 9... Qd7 10. Rd1 O-O-O 11. Nc3 h5 12. d4 Nxd4 13. Nxd4 exd4 14. a4 a6 {1-0 (62) Pantsulaia,L (2611)-Arutinian,D (2552) Tbilisi 2019}) 10. Rd1 1/2-1/2